Programming in Pascal

Bibliographic Details
Main Author: Grogono, Peter
Format: Section = Libro
Language:Undetermined
Spanish
Published: London Addison/Wesley 1980
Subjects:
LEADER 00489nam a2200193Ia 4500
008 240830s9999 xx 000 0 und d
020 |a 0-201-02775-5 
040 |a CEDOC FIQ-RUSB / 511 G873 
041 |a spa 
082 |a 511 G873 
100 1 |a Grogono, Peter 
245 1 0 |a Programming in Pascal 
260 |a London  |b Addison/Wesley  |c 1980 
300 |a 363 p.: il. 
650 7 |a ANÁLISIS NÚMERICO 
650 7 |b  CONCEPTOS DE PROGRAMACIÓN 
942 |c BK  |2 ddc 
991 |a TEXTO 
999 |c 13118